• 首页
  • 本馆介绍
  • 公告通知
  • 最新文献
  • 馆藏检索
  • 电子资源
  • 读者导购
  • 参考咨询
  • 我的图书馆
  • 登录
  • 详细信息显示
  • 放入我的书架
  • 预约/预借图书
  • 作者相关作品
  • 分类相关作品
  • 丛书相关作品
  • 出版社相关作品

书目信息

  • 表格格式
  • 工作单格式
  • 卡片格式
题名:
画说汉字
    
 
作者: ;画说汉字编辑部 编著
分册:   3-4年级
出版信息: 长春   时代文艺出版社  2020.7
页数: 12,205页
开本: 23cm
丛书名:
单 册:
中图分类: G624.223
科图分类:
主题词: 识字课--小学--学习参考资料
电子资源:
ISBN: 978-7-5387-4879-6
000 00953nam0 2200241 45
001 012001000831
005 20140820093239.0
010    @a978-7-5387-4879-6@dCNY49.90
100    @a20160826d2015 ce y0chiy0110 ea
101 0  @achi
102    @aCN@b220000
105    @aa z 001yy
106    @ar
200 1  @a画说汉字@Ahua shuo han zi@i3-4年级@e小学版@f《画说汉字》编辑部编著
210    @a长春@c时代文艺出版社@d2020.7
215    @a12,205页@c彩图@d23cm
300    @a图解《说文解字》新课标
330    @a严格按照“国家教育部2001年版义务教育语文课程标准”,围绕人民教育出版社的小学语文课程要求,将小学3~4年级所需要识记的1000个汉字,进行详细的图文解读。每个文字都有对应的象形文字,并用简单易懂的文字,对其进行解释,特别适合3~4年级的小学生自己阅读。
606 0  @a识字课@x小学@j学习参考资料
690    @aG624.223@v5
711 02 @a画说汉字编辑部@Ahua shuo han zi bian ji bu@4编著
801    @aCN@bAHXH@c20210922
905    @b1250125-9@dG624.223@e1529@f5
    
    画说汉字.3-4年级:小学版/《画说汉字》编辑部编著.-长春:时代文艺出版社,2020.7
    12,205页:彩图;23cm
    图解《说文解字》新课标
    
    ISBN 978-7-5387-4879-6:CNY49.90
    严格按照“国家教育部2001年版义务教育语文课程标准”,围绕人民教育出版社的小学语文课程要求,将小学3~4年级所需要识记的1000个汉字,进行详细的图文解读。每个文字都有对应的象形文字,并用简单易懂的文字,对其进行解释,特别适合3~4年级的小学生自己阅读。
●
相关链接 在E读中查询图书 在五车中查询图书 在当当中查询图书 在豆瓣中查询图书


正题名:画说汉字     索取号:G624.223/1529         预约/预借

序号 登录号 条形码 馆藏地/架位号 状态 备注
1 1250125   212501256   第一样本阅览室/ [索取号:G624.223/1529] 在馆    
2 1250126   212501265   教育系资料室/ [索取号:G624.223/1529] 已借出,限还日期为2026.09.17
借出人:孙立双  
 
3 1250127   212501274   教育系资料室/ [索取号:G624.223/1529] 在馆    
4 1250128   212501283   第四借阅区/ [索取号:G624.223/1529] 在馆    
5 1250129   212501292   第四借阅区/ [索取号:G624.223/1529] 在馆    
唐山师范学院图书馆 欢迎您!
大连网信软件有限公司© 版权所有